书目信息 |
| 题名: |
长辫子精灵的情事
|
|
| 作者: | 席绢 著 | |
| 分册: | ||
| 出版信息: | 南京 江苏文艺出版社 2003.01 |
|
| 页数: | 197页 | |
| 开本: | 20cm | |
| 丛书名: | ||
| 单 册: | ||
| 中图分类: | I247.5 | |
| 科图分类: | ||
| 主题词: | 长篇小说--中国--当代 | |
| 电子资源: | ||
| ISBN: | 7-5399-1407-6 | |
| 000 | 00666nam0 2200241 450 | |
| 001 | 192004001419 | |
| 005 | 20070914145928.87 | |
| 010 | @a7-5399-1407-6@dCNY12.00 | |
| 100 | @a20070531d2003 ekmy0chiy0121 ea | |
| 101 | 0 | @achi |
| 102 | @aCN@b320000 | |
| 105 | @ay z 000ay | |
| 200 | 1 | @a长辫子精灵的情事@Achang bian zi jing ling de qing shi@f席绢著 |
| 205 | @a第3版 | |
| 210 | @a南京@c江苏文艺出版社@d2003.01 | |
| 215 | @a197页@d20cm | |
| 300 | @a席绢小说典藏本 | |
| 330 | @a本书讲述的是关于长辫子精灵的情事。 | |
| 606 | 0 | @a长篇小说@y中国@z当代 |
| 690 | @aI247.5@v4 | |
| 701 | 0 | @a席绢@Axi juan@4著 |
| 801 | 0 | @aCN@c20070914 |
| 905 | @dI247.5@eX15519=3 | |
| 长辫子精灵的情事/席绢著.-第3版.-南京:江苏文艺出版社,2003.01 |
| 197页;20cm |
| 席绢小说典藏本 |
| ISBN 7-5399-1407-6:CNY12.00 |
| 本书讲述的是关于长辫子精灵的情事。 |
| ● |
| 相关链接 |
|
|
|
正题名:长辫子精灵的情事
索取号:I247.5/X15519=3
 
预约/预借
| 序号 | 登录号 | 条形码 | 馆藏地/架位号 | 状态 | 备注 |
| 1 | 624455 | 206244553 | 社科二线422/422社科库 7排2列2层/ [索取号:I247.5/X15519=3] | 在馆 | |
| 2 | 624456 | 206244562 | 社科二线422/422社科库 7排2列2层/ [索取号:I247.5/X15519=3] | 在馆 | |
| 3 | 624457 | 206244571 | 文学库108/108文学库 38排2列4层/ [索取号:I247.5/X15519=3] | 在馆 |